| 000 | 00443cam a22001337a 4500 | ||
|---|---|---|---|
| 008 | 180718b1995 xxu||||| |||| 00| 0 eng d | ||
| 082 | _aB11x5421 N638 | ||
| 100 | _aNita Kumar | ||
| 245 |
_aArtisans of Banaras: popular culture and identity, 1880-1986 _cby Nita Kumar |
||
| 260 |
_aHyderabad _bOrient Longman _c1995 |
||
| 300 | _a279p. | ||
| 650 | _aPopular culture - India - Banaras, 1880-1986 | ||
| 650 | _aArtisans - India - Banaras, 1880-1986 | ||
| 999 |
_c382596 _d382596 |
||